Slovenský šach časopis slovenských šachistov

Bibliographic Details
Other Authors: Mészáros, Karol (šachista) (Publishing director)
Format: Journal
Language:Slovak
PhysicalDescription:2 zv. 25 cm
Published: Bratislava Slovenský šachový zväz 2000-2002
ISSN:1335-7379
Subjects:

MARC

LEADER 00000cas a2200000 a 4500
001 vtls008881273
003 SK-MaSNL
005 20260228162137.0
008 160609d20002002xo mr|p 0 0 b0slo c
022 |a 1335-7379 
035 |a (SVKBB03)vtls000060683 
040 |a SVKBB  |b slo  |c SVKBB  |d SNK  |e AACR2 
041 0 |a slo 
044 |a xo  |c SK 
072 7 |a 794  |x Doskové a stolové hry, logické hry, hry zručnosti, krížovky  |2 konspekt 
080 |a 794.1  |2 2001 
080 |a 050  |2 2001 
210 0 |a Slov. šach 
222 0 |a Slovenský šach 
245 0 0 |a Slovenský šach  |b časopis slovenských šachistov 
260 |a Bratislava  |b Slovenský šachový zväz  |c 2000-2002 
300 |a 2 zv.  |c 25 cm 
310 |a 1x mesačne 
362 0 |a Č. 1 (2000)-č. 12 (2001)  |z SKP 
500 |a Posledné číslo vyšlo 8. 1. 2002 
500 |a Šéfredaktor: Karol Mészáros 
500 |a Reg. číslo: MK SR 2427/2000 
650 0 7 |a šach  |2 SNKPH  |9 3315 
650 0 7 |a šachové turnaje  |2 SNKPH  |9 3317 
650 0 7 |a šachové partie  |2 SNKPH  |9 84978 
650 0 7 |a šachisti  |2 SNKPH  |9 3316 
655 7 |a špecializované časopisy  |2 SNKPH  |9 70509 
700 1 |a Mészáros, Karol  |c (šachista)  |4 pbd  |9 270459 
910 |a snk 
916 |a 2001 
958 |a OND 
999 |c 6935  |d 8865 
952 |0 0  |1 0  |4 0  |7 0  |8 0  |a SNK  |b SNK  |d 2015-09-25  |f 1  |i snk2015/27192  |l 0  |o snkČSC 3590/2001  |p 17A1146439  |r 2026-02-21 20:53:01  |t č. 1-12, neúpl.  |w 2026-02-21  |y PREZ  |z chýbajú č. 1-7, 10 
952 |0 0  |1 0  |4 0  |7 0  |8 0  |a SNK  |b SNK  |d 2015-09-25  |i snk2015/27194  |l 0  |o snkČSC 3590/2001 D1  |p 17A1146440  |r 2026-02-21 20:53:01  |t č. 1-12, neúpl.  |w 2026-02-21  |y PREZ  |z chýbajú č. 1-7, 10